[Event "18 Torneo San Viator"]
[Site "Madrid ESP"]
[Date "2012.06.03"]
[Round "9.33"]
[White "Herreros Lucas, Jose L"]
[Black "Jimenez Perez, Federico"]
[Result "0-1"]
[WhiteElo "1545"]
[BlackElo "1282"]
[PlyCount "64"]
[EventDate "2012.03.25"]
[EventType "swiss"]
[EventRounds "9"]
[EventCountry "ESP"]
[Source "lmi"]
[SourceDate "2012.03.25"]

1. d4 Nf6 2. c4 d5 3. Nc3 e6 4. a3 Nc6 5. Nf3 Be7 6. e3 O-O 7. Bd3 b6 8. O-O
Bb7 9. Re1 dxc4 10. Bxc4 Bd6 11. e4 e5 12. Bg5 Re8 13. dxe5 Nxe5 14. Nd5 Nxc4
15. Qd4 Ne5 16. Nxf6+ gxf6 17. Be3 Qe7 18. Qd1 Rad8 19. Nxe5 Qxe5 20. Qg4+ Kh8
21. f4 Qxe4 22. Bd2 Bc5+ 23. Kh1 Qxg2+ 24. Qxg2 Bxg2+ 25. Kxg2 Rxd2+ 26. Kf1
Rf2+ 27. Kg1 Rfe2+ 28. Kf1 Rf2+ 29. Kg1 Rg8+ 30. Kh1 Rgg2 31. Re8+ Kg7 32. Rg1
Rxg1+ 0-1